Návrh a realizácia CNC laserovej gravírovačky riadenej pomocou mikrokontrolérového modulu Arduino

Salvato in:
Dettagli Bibliografici
Autore principale: Uhlárová, Ivana (Autore)
Altri autori: Horváth, Dušan (Relatore della tesi)
Natura: Manoscritto Libro
Lingua:slovacco
Pubblicazione: 2022
Soggetti:
Accesso online:http://is.stuba.sk/zp/portal_zp.pl?podrobnosti=164348
Tags: Aggiungi Tag
Nessun Tag, puoi essere il primo ad aggiungerne!!

MARC

LEADER 00000ntm a22000003a 4500
001 stuzp87285
003 SK-STU
005 20220611210931.1
007 ta
008 150427s2015----xo-----f-mn---000-0-slo-d
040 |a STU  |b slo 
041 0 |a slo 
100 1 |a Uhlárová, Ivana  |u 066000  |k Z4  |4 aut  |U MTF Materiálovotechnologická fakulta  |T MTF Ústav aplikovanej informatiky, automatizácie a mechatroniky  |X 91621  |U M6000  |Y 86  |7 91621 
242 0 1 |a Design and implementation of a CNC laser engraving machine controlled by an Arduino microcontroller module  |y eng 
245 1 0 |a Návrh a realizácia CNC laserovej gravírovačky riadenej pomocou mikrokontrolérového modulu Arduino 
260 |c 2022 
650 4 |a Arduino  |2 slo 
650 4 |a Laser  |2 slo 
650 4 |a G-kód  |2 slo 
650 4 |a GRBL  |2 slo 
650 4 |a CNC  |2 slo 
650 4 |a CNC  |2 eng 
650 4 |a Arduino  |2 eng 
650 4 |a Laser  |2 eng 
650 4 |a G-code  |2 eng 
650 4 |a GRBL  |2 eng 
700 1 |a Horváth, Dušan  |u 066000  |k Z1  |4 ths  |U MTF Materiálovotechnologická fakulta  |T MTF Ústav aplikovanej informatiky, automatizácie a mechatroniky  |X 62891  |U M6000  |Y 86  |7 A000062891 
856 4 |u http://is.stuba.sk/zp/portal_zp.pl?podrobnosti=164348 
996 |c M* DP-15055  |l MMSKP  |s P  |a 0  |w stuzp87285_0001